<?xml version="1.0" encoding="UTF-8"?>
<record
    xmlns:xsi="http://www.w3.org/2001/XMLSchema-instance"
    xsi:schemaLocation="http://www.loc.gov/MARC21/slim http://www.loc.gov/standards/marcxml/schema/MARC21slim.xsd"
    xmlns="http://www.loc.gov/MARC21/slim">

  <leader>01182cac a2200193   4500</leader>
  <controlfield tag="005">20230622094656.0</controlfield>
  <controlfield tag="008">081023t20022002 mx            000 0 spa  </controlfield>
  <datafield tag="020" ind1=" " ind2=" ">
    <subfield code="a">9709047000</subfield>
  </datafield>
  <datafield tag="050" ind1="0" ind2="4">
    <subfield code="a">HJ4665 </subfield>
    <subfield code="b">B37 2002</subfield>
  </datafield>
  <datafield tag="100" ind1="1" ind2=" ">
    <subfield code="a">Barrera Mart&#xED;nez, Federico</subfield>
    <subfield code="e">autor</subfield>
  </datafield>
  <datafield tag="245" ind1="1" ind2="0">
    <subfield code="a">Declaraci&#xF3;n anual personas f&#xED;sicas </subfield>
    <subfield code="b">: casos pr&#xE1;cticos </subfield>
    <subfield code="c"> / Federico Barrera Mart&#xED;nez.</subfield>
  </datafield>
  <datafield tag="250" ind1=" " ind2=" ">
    <subfield code="a">5a ed.</subfield>
  </datafield>
  <datafield tag="260" ind1=" " ind2=" ">
    <subfield code="a">M&#xE9;xico :</subfield>
    <subfield code="b">Ediciones Fiscales y Jur&#xED;dicas,</subfield>
    <subfield code="c">2002</subfield>
  </datafield>
  <datafield tag="300" ind1=" " ind2=" ">
    <subfield code="a">230 p. ;</subfield>
    <subfield code="c">28 cm.</subfield>
  </datafield>
  <datafield tag="490" ind1="0" ind2=" ">
    <subfield code="a">Colecci&#xF3;n Fiscal</subfield>
  </datafield>
  <datafield tag="500" ind1=" " ind2=" ">
    <subfield code="a">En la pasta :
 "Incluye : &#xB0;Casos pr&#xE1;cticos para facilitar la determinaci&#xF3;n y el llenado, paso a paso de la declaraci&#xF3;n anual 2001 del impuesto sobre la renta de las personas f&#xED;sicas, y en su caso, del impuesto al activo y del impuesto al valor agregado, de acuerdo a la actividad del contribuyente. &#xB0;Sueldos y salarios. &#xB0;Honorarios. &#xB0;Arrendamiento. &#xB0;Enajenaci&#xF3;n y adquisici&#xF3;n de bienes. &#xB0;Actividades empresariales : r&#xE9;gimen general de ley, r&#xE9;gimen simplificado, r&#xE9;gimen de peque&#xF1;os contribuyentes. &#xB0;Dividendos. &#xB0;Intereses. &#xB0;Otros ingresos."</subfield>
  </datafield>
  <datafield tag="650" ind1=" " ind2="7">
    <subfield code="2">lemb</subfield>
    <subfield code="a">Impuesto sobre la renta </subfield>
    <subfield code="z">M&#xE9;xico </subfield>
    <subfield code="v">Manuales</subfield>
  </datafield>
  <datafield tag="942" ind1=" " ind2=" ">
    <subfield code="2">lcc</subfield>
    <subfield code="c">LIB</subfield>
  </datafield>
  <datafield tag="999" ind1=" " ind2=" ">
    <subfield code="c">54090</subfield>
    <subfield code="d">54090</subfield>
  </datafield>
  <datafield tag="952" ind1=" " ind2=" ">
    <subfield code="1">0</subfield>
    <subfield code="2">lcc</subfield>
    <subfield code="4">0</subfield>
    <subfield code="7">1</subfield>
    <subfield code="a">LIC-031</subfield>
    <subfield code="b">LIC-031</subfield>
    <subfield code="c">GENERAL</subfield>
    <subfield code="d">2015-05-04</subfield>
    <subfield code="e">UA</subfield>
    <subfield code="f">5a ed.</subfield>
    <subfield code="i">CEA</subfield>
    <subfield code="k">CSA</subfield>
    <subfield code="o">HJ4665 B37 2002</subfield>
    <subfield code="p">BCCA000006730</subfield>
    <subfield code="r">2015-05-04 00:00:00</subfield>
    <subfield code="t">C:1</subfield>
    <subfield code="v">290.00</subfield>
    <subfield code="y">LIB</subfield>
  </datafield>
  <datafield tag="952" ind1=" " ind2=" ">
    <subfield code="1">0</subfield>
    <subfield code="2">lcc</subfield>
    <subfield code="4">0</subfield>
    <subfield code="7">0</subfield>
    <subfield code="a">LIC-031</subfield>
    <subfield code="b">LIC-031</subfield>
    <subfield code="c">GENERAL</subfield>
    <subfield code="d">2015-06-12</subfield>
    <subfield code="e">UA</subfield>
    <subfield code="f">5a ed.</subfield>
    <subfield code="i">CEA</subfield>
    <subfield code="k">CSA</subfield>
    <subfield code="o">HJ4665 B37 2002</subfield>
    <subfield code="p">BCCA000006731</subfield>
    <subfield code="r">2015-06-12 00:00:00</subfield>
    <subfield code="t">C:2</subfield>
    <subfield code="v">290.00</subfield>
    <subfield code="y">LIB</subfield>
  </datafield>
</record>
